Egypt and the Sudan.

محفوظ في:

مؤلف مشترك: Tourist Development Association of Egypt.

التنسيق: كتاب

اللغة: English

منشور في: Cairo : Tourist Development Association of Egypt, 1930.

الموضوعات:

الوسوم: إضافة وسم

لا توجد وسوم, كن أول من يضع وسما على هذه التسجيلة!

رقم الطلب: DT43 .E26 1930

LEADER 00774namaa2200229 4500
001 21694
003 OSt
005 20211218081738.0
008 130303s1930 ua g 000 0 eng d
952 |0 0  |1 0  |2 lcc  |4 0  |6 DT0043 E26 01930  |7 1  |9 23870  |a ARCE  |b ARCE  |d 2021-12-18  |l 0  |o DT43 .E26 1930  |p 1005589  |r 2021-12-18 00:00:00  |w 2021-12-18  |y BK 
999 |c 21914  |d 21914 
040 |c ARCE Library 
043 |a f-ua---  |a f-sj--- 
050 4 |a DT43 .E26 1930 
245 0 0 |a Egypt and the Sudan. 
264 1 |a Cairo :   |b Tourist Development Association of Egypt,   |c 1930. 
300 |a v. :   |b Illustrations ;   |c 30 cm. 
651 0 |a Egypt  |x Description and travel. 
651 0 |a Sudan  |x Description and travel. 
710 2 |a Tourist Development Association of Egypt. 
901 |a reviewed 
942 |c BK  |2 lcc